000 00471nam a22001457a 4500
005 20240306155714.0
008 240306b ||||| |||| 00| 0 eng d
040 _cAL
041 _aeng
082 _223
_a658.3
_bPERS
245 _aPersonnel Management Practices with Special References to Traning and Labour Welfare:
_bA Case Study of Parrys India Ltd, Madras
260 _aMangalore
_bSt Aloysius College
_c1997
700 _aJOSEPH (Shyla)
_9153280
942 _2ddc
_cPRO
999 _c230116
_d230116